[Event "DVM u20 2005"]
[Site "Berlin"]
[Date "2005.12.30"]
[Round "7.2"]
[White "Möller, Hendrik"]
[Black "Krug, Kevin"]
[Result "1-0"]
[WhiteElo "2160"]
[BlackElo "2111"]
[PlyCount "81"]
[EventDate "2000.??.??"]

1. e4 Nc6 2. Nf3 d6 3. d4 g6 4. d5 Ne5 5. Nxe5 dxe5 6. Bb5+ Bd7 7. Qd3 a6 8.
Bxd7+ Qxd7 9. O-O Bg7 10. Nd2 e6 11. dxe6 Qxe6 12. b3 Ne7 13. Ba3 Rd8 14. Qe3
O-O 15. Nf3 Rd7 16. Ne1 Rfd8 17. Nd3 b6 18. Bxe7 Qxe7 19. a3 c5 20. Rfe1 Rd4
21. h3 b5 22. Nxc5 Bh6 23. Qxh6 Qxc5 24. Re2 Rd1+ 25. Rxd1 Rxd1+ 26. Kh2 Qxa3
27. Qg5 Qd6 28. h4 a5 29. Re3 Kg7 30. h5 h6 31. Qg3 g5 32. Rc3 Rd4 33. Qf3 {(=)
} a4 34. bxa4 bxa4 35. Rc8 Qd7 36. Rc5 Qe7 37. Ra5 Qe6 38. Ra8 Rc4 39. Qa3 Rxe4
40. Qf8+ Kf6 41. Ra6 1-0

[Event "DVM u20 2005"]
[Site "Berlin"]
[Date "2005.12.30"]
[Round "7.3"]
[White "Papaioannou, Dimitri"]
[Black "Schnock, Stefan"]
[Result "1-0"]
[WhiteElo "2024"]
[BlackElo "2030"]
[PlyCount "97"]
[EventDate "2000.??.??"]

1. e4 e5 2. Nf3 Nc6 3. Bb5 a6 4. Ba4 Nf6 5. O-O Bc5 6. d3 d6 7. c3 Bg4 8. Be3
Ba7 9. Bxc6+ bxc6 10. Nbd2 O-O 11. h3 Bh5 12. Qa4 Qd7 13. Rfe1 Rfe8 14. Nh2
Bxe3 15. Rxe3 c5 16. Qxd7 Nxd7 17. Nc4 Reb8 18. Nf1 Nb6 19. Nfd2 f6 20. Rb1 a5
21. Kf1 Bf7 22. Re2 a4 23. Ke1 Kf8 24. Kd1 Ke7 25. Kc2 c6 26. Rf1 Nxc4 27. dxc4
Ra7 28. f3 Rab7 29. b3 axb3+ 30. axb3 Ra7 31. Rb1 Bg6 32. Ree1 d5 33. Ra1 Rab7
34. Ra6 Kd7 35. cxd5 cxd5 36. Rea1 dxe4 37. fxe4 f5 38. Nc4 Re8 39. Rd1+ Kc7
40. Nd6 Re6 41. Nb5+ Rxb5 42. Rxe6 fxe4 43. Rxe5 Kc6 44. Re6+ Kc7 45. Re7+ Kc6
46. Red7 Rb8 47. R1d6+ Kb5 48. c4+ Ka5 49. Ra7+ 1-0

[Event "DVM u20 2005"]
[Site "Berlin"]
[Date "2005.12.30"]
[Round "7.4"]
[White "Stejskal, Janina Maria"]
[Black "Albers, Damian"]
[Result "1/2-1/2"]
[WhiteElo "2045"]
[BlackElo "1974"]
[PlyCount "130"]
[EventDate "2000.??.??"]

1. e4 Nc6 2. Nf3 g6 3. d4 Bg7 4. Be3 d6 5. Nbd2 Nf6 6. c3 O-O 7. Bd3 h6 8. O-O
Ng4 9. h3 Nxe3 10. fxe3 e5 11. Qe1 Qe7 12. Qg3 Bd7 13. Rf2 Rae8 14. Raf1 Nd8
15. Nh4 Qg5 16. Qxg5 hxg5 17. Nhf3 Bh6 18. Re1 f5 19. Nh2 b5 20. Bc2 Kg7 21. g4
f4 22. Nhf3 Kf6 23. Kg2 Ne6 24. Rff1 Kg7 25. Nb3 fxe3 26. Rxe3 Nf4+ 27. Kg3 Kf6
28. Rd1 Bc6 29. Na5 Ba8 30. Ree1 Rd8 31. d5 Rh8 32. Rd2 Bf8 33. Rh1 Be7 34. a4
a6 35. axb5 axb5 36. Bd3 Rb8 37. b4 c6 38. dxc6 Rhc8 39. Ra1 Bxc6 40. Nxc6 Rxc6
41. Ra3 Rc7 42. Bf1 d5 43. exd5 Bd6 44. Ra6 Rd8 45. Rc6 e4 46. Rxc7 Bxc7 47.
Nd4 e3 48. Ra2 e2 49. Ra6+ Ne6+ 50. Kf2 exf1=Q+ 51. Kxf1 Rxd5 52. Nxe6 Bd6 53.
Nd4 Ke5 54. Rb6 Bxb4 55. Nc6+ Ke4 56. Nxb4 Rc5 57. Re6+ Kf3 58. Rc6 Re5 59.
Rxg6 Kg3 60. Rh6 Rc5 61. Rc6 Re5 62. Nd3 Re3 63. Nf2 Rf3 64. Rc5 Rxf2+ 65. Ke1
Rc2 1/2-1/2

[Event "DVM u20 2005"]
[Site "Berlin"]
[Date "2005.12.30"]
[Round "7.5"]
[White "Rosenstein, Wadim"]
[Black "Salenko, Vadym"]
[Result "1-0"]
[WhiteElo "1831"]
[BlackElo "2005"]
[PlyCount "95"]
[EventDate "2000.??.??"]

1. c4 f5 2. Nc3 Nf6 3. Nf3 g6 4. g3 Bg7 5. Bg2 O-O 6. O-O d6 7. d3 e5 8. Bg5 c6
9. Qd2 Re8 10. Rab1 Nbd7 11. b4 Nf8 12. e4 Ne6 13. exf5 Nxg5 14. Nxg5 Bxf5 15.
b5 Qd7 16. Nge4 Ng4 17. c5 dxc5 18. bxc6 bxc6 19. Nxc5 Qd4 20. N3e4 Rab8 21. a3
Kh8 22. Rb4 Rxb4 23. Qxb4 Bf8 24. Qxd4 exd4 25. Nb3 Ne5 26. Nxd4 Nxd3 27. Nf6
Rd8 28. Nxc6 Rd6 29. Ne8 Re6 30. Nc7 Re2 31. Nd4 Ra2 32. Nxf5 gxf5 33. Rd1 Rxa3
34. Ne6 Be7 35. Bf1 Ne5 36. Rd5 Nf3+ 37. Kg2 Ne1+ 38. Kh3 Rf3 39. Rd7 Bf6 40.
Rf7 Bg7 41. Rxg7 Rxf2 42. Rxa7 h6 43. Nf4 Rxf1 44. Kh4 Nf3+ 45. Kh5 Kg8 46. Kg6
Kf8 47. Ne6+ Ke8 48. Kf6 1-0

[Event "DVM u20 2005"]
[Site "Berlin"]
[Date "2005.12.30"]
[Round "7.1"]
[White "Süß, Stefan"]
[Black "Hilverda, Alexander"]
[Result "0-1"]
[WhiteElo "2021"]
[BlackElo "2156"]
[PlyCount "100"]
[EventDate "2000.??.??"]

1. e4 c5 2. Nf3 e6 3. d4 cxd4 4. Nxd4 a6 5. Bd3 Bc5 6. Nb3 Be7 7. c4 d6 8. O-O
b6 9. Nc3 Bb7 10. f4 Nd7 11. Be3 Ngf6 12. Qe2 O-O 13. Rac1 Qc7 14. Rf3 Rac8 15.
Rh3 g6 16. Rg3 Qb8 17. Nd2 Nc5 18. Bb1 Rfe8 19. Bf2 a5 20. h4 Kh8 21. Re3 h5
22. f5 Ng4 23. fxg6 fxg6 24. e5 Rg8 25. Rg3 Rcf8 26. Rxg4 hxg4 27. Bd4 Qe8 28.
Qxg4 dxe5 29. Bxe5+ Bf6 30. Qg5 Qe7 31. Bxg6 Rxg6 32. Qxg6 Bxe5 33. Qh5+ Kg8
34. Qxe5 Qxh4 35. Qe1 Qd4+ 36. Kh2 Rf2 37. Nde4 Nxe4 38. Rd1 Qe5+ 39. Kg1 Qg5
40. Rd8+ Qxd8 41. Nxe4 Rf7 42. Qg3+ Rg7 43. Qe5 Qd1+ 44. Kh2 Bxe4 45. Qxe6+ Kf8
46. Qf6+ Rf7 47. Qh8+ Ke7 48. Qe5+ Kd7 49. Qxe4 Qd6+ 50. Kg1 Kc7 0-1

[Event "DVM u20 2005"]
[Site "Berlin"]
[Date "2005.12.30"]
[Round "7.2"]
[White "Dahmen, Christoph"]
[Black "Borel, Markus"]
[Result "1/2-1/2"]
[WhiteElo "2088"]
[BlackElo "1965"]
[PlyCount "130"]
[EventDate "2000.??.??"]

1. d4 Nf6 2. c4 e6 3. Nf3 b6 4. Nc3 Bb7 5. Bg5 Be7 6. e3 d5 7. Bd3 O-O 8. Qc2
h6 9. Bh4 c5 10. O-O Nc6 11. Rfd1 Nb4 12. Qe2 Nxd3 13. Qxd3 dxc4 14. Qxc4 Bxf3
15. gxf3 Nd5 16. Bxe7 Qxe7 17. dxc5 Nxc3 18. Qxc3 bxc5 19. Rac1 Rfc8 20. Qe5
Qb7 21. Kg2 c4 22. Rc2 Rc7 23. Rdc1 Rac8 24. Qd4 Rc5 25. e4 Qb6 26. Kh1 Rd8 27.
Qe3 Rd3 28. Qe2 Qc7 29. Rg1 Rh5 30. Rg3 Qd6 31. Kg2 Rc5 32. h3 e5 33. Kh2 Qd4
34. Rg1 c3 35. bxc3 Rcxc3 36. Rxc3 Qxc3 37. Rc1 Qa3 38. Kg2 Qxc1 39. Qxd3 Qg5+
40. Kf1 Qh4 41. Qd7 Qf4 42. Ke2 Qc1 43. Qxa7 Qc4+ 44. Ke1 Qc1+ 45. Ke2 Qc4+ 46.
Kd2 Qb4+ 47. Kd3 Qb1+ 48. Kc4 Qc2+ 49. Kd5 Qd3+ 50. Kc6 Qxf3 51. Qb8+ Kh7 52.
Qxe5 Qa3 53. Qd5 Qa6+ 54. Kc5 Qa5+ 55. Kd4 Qd2+ 56. Ke5 Qxf2 57. Kd6 Qb6+ 58.
Kd7 Qa7+ 59. Ke8 Kg8 60. Kd8 Qb8+ 61. Kd7 Qa7+ 62. Kd6 Qb6+ 63. Kd7 Qa7+ 64.
Kd6 Qb6+ 65. Kd7 Qa7+ 1/2-1/2

[Event "DVM u20 2005"]
[Site "Berlin"]
[Date "2005.12.30"]
[Round "7.3"]
[White "Müller, Mathias"]
[Black "Beckmann, Emanuel"]
[Result "0-1"]
[WhiteElo "1827"]
[BlackElo "1965"]
[PlyCount "62"]
[EventDate "2000.??.??"]

1. e4 e6 2. d4 d5 3. exd5 exd5 4. Bd3 Bd6 5. Ne2 Qh4 6. c3 Nh6 7. Bxh6 Qxh6 8.
Nd2 O-O 9. Qc2 a5 10. h3 Nd7 11. O-O-O Rb8 12. Ng3 Bxg3 13. fxg3 b5 14. Rhf1 c5
15. Kb1 c4 16. Bf5 b4 17. cxb4 axb4 18. g4 Ra8 19. b3 Nb6 20. Nf3 Bxf5 21. Qxf5
Ra3 22. Ne5 cxb3 23. Nxf7 Qg6 24. Qxg6 bxa2+ 25. Ka1 hxg6 26. Ne5 Rxf1 27. Rxf1
Nc4 28. Rd1 b3 29. Nxc4 dxc4 30. Kb2 Ra7 31. Rf1 c3+ 0-1

[Event "DVM u20 2005"]
[Site "Berlin"]
[Date "2005.12.30"]
[Round "7.4"]
[White "Ebert, Manuel"]
[Black "Kohlmann, Adrian"]
[Result "1-0"]
[WhiteElo "1999"]
[BlackElo "1938"]
[PlyCount "51"]
[EventDate "2000.??.??"]

1. e4 g6 2. d4 Bg7 3. Nf3 d6 4. Nc3 Nc6 5. Be3 e5 6. d5 Nce7 7. Be2 h6 8. Nd2
f5 9. f3 Nf6 10. Nb3 f4 11. Bf2 g5 12. h4 gxh4 13. Bxh4 Ng6 14. Bb5+ Bd7 15.
Bxd7+ Kxd7 16. Bf2 h5 17. Qd3 b6 18. a4 a5 19. Nb5 Ne8 20. Nd2 Qg5 21. Nc4 Ra6
22. Ra3 Ne7 23. Nbxd6 Nxd6 24. Nxd6 Raa8 25. Nf7 Qg6 26. Qb5+ 1-0

[Event "DVM u20 2005"]
[Site "Berlin"]
[Date "2005.12.30"]
[Round "7.5"]
[White "Kirch, Florian"]
[Black "Fox, Daniel"]
[Result "0-1"]
[WhiteElo "1821"]
[BlackElo "2009"]
[PlyCount "58"]
[EventDate "2000.??.??"]

1. d4 d5 2. c4 e6 3. Nc3 Nf6 4. cxd5 exd5 5. Bg5 Bb4 6. Rc1 h6 7. Bh4 g5 8.
Qa4+ Nc6 9. Bg3 Ne4 10. e3 h5 11. Bb5 Bd7 12. f3 Bxc3+ 13. bxc3 Nxg3 14. hxg3
Qe7 15. Kd2 O-O-O 16. Nh3 Rh6 17. Rce1 Re6 18. Re2 Kb8 19. Rhe1 a6 20. Bxc6
Bxc6 21. Qb4 Qf6 22. e4 Bb5 23. Re3 Bc4 24. a4 Rb6 25. Qa3 Rb3 26. Qa1 c5 27.
e5 Qb6 28. Kc2 cxd4 29. cxd4 Rc8 0-1

[Event "DVM u20 2005"]
[Site "Berlin"]
[Date "2005.12.30"]
[Round "7.6"]
[White "Speitel, Sebastian"]
[Black "Quaschner, Tobias"]
[Result "0-1"]
[WhiteElo "1677"]
[BlackElo "1705"]
[PlyCount "84"]
[EventDate "2000.??.??"]

1. Nf3 d6 2. g3 g6 3. Bg2 Bg7 4. O-O Nf6 5. d4 O-O 6. c4 Nbd7 7. Nc3 c5 8. e3
a6 9. Re1 Rb8 10. a4 Re8 11. Qc2 Qc7 12. Nd5 Nxd5 13. cxd5 Qd8 14. Rd1 b5 15.
axb5 axb5 16. Bd2 b4 17. dxc5 Nxc5 18. Nd4 Bxd4 19. exd4 Bf5 20. Qc4 Nd3 21.
Bc1 Qc8 22. Qb3 Nxc1 23. Rdxc1 Qb7 24. Rc6 Bd7 25. Rca6 Bf5 26. Qe3 Qb5 27. Ra7
Rb7 28. Ra8 Rxa8 29. Rxa8+ Kg7 30. Bf1 Qd7 31. h4 Ra7 32. Rxa7 Qxa7 33. Qe1
Qxd4 34. Qxe7 Qxb2 35. Qxd6 Qa1 36. Qxb4 Bd3 37. Qf4 Bxf1 38. d6 Bb5+ 39. Kh2
Bc6 40. f3 Qf6 41. Qd2 Qxf3 42. Qd4+ Kg8 0-1

[Event "DVM u20 2005"]
[Site "Berlin"]
[Date "2005.12.30"]
[Round "7.1"]
[White "Hörr, Matthias"]
[Black "Koch, Moritz"]
[Result "1/2-1/2"]
[WhiteElo "2124"]
[BlackElo "2228"]
[PlyCount "76"]
[EventDate "2000.??.??"]

1. e4 c5 2. Nf3 Nc6 3. d4 cxd4 4. Nxd4 Nf6 5. Nc3 e5 6. Ndb5 d6 7. Bg5 a6 8.
Na3 b5 9. Bxf6 gxf6 10. Nd5 f5 11. c3 Bg7 12. exf5 Bxf5 13. Nc2 O-O 14. Nce3
Be6 15. Bd3 f5 16. O-O Ra7 17. a4 Ne7 18. Nxe7+ Rxe7 19. axb5 axb5 20. Bc2 d5
21. Bb3 f4 22. Nxd5 Rd7 23. Nb4 Rxd1 24. Bxe6+ Kh8 25. Rfxd1 Qg5 26. Bd7 e4 27.
Rd5 Qh4 28. Bxb5 e3 29. Rf1 f3 30. fxe3 fxg2 31. Rxf8+ Bxf8 32. Nc2 Qe4 33. Rd2
Bc5 34. c4 Qf3 35. Rf2 Qg4 36. Nd4 Qd1+ 37. Kxg2 Qg4+ 38. Kf1 Qd1+ 1/2-1/2

[Event "DVM u20 2005"]
[Site "Berlin"]
[Date "2005.12.30"]
[Round "7.2"]
[White "Lauer, Moritz"]
[Black "Pfeufer, Lion"]
[Result "1-0"]
[WhiteElo "2233"]
[BlackElo "2014"]
[PlyCount "99"]
[EventDate "2000.??.??"]

1. e4 c5 2. Nf3 Nc6 3. d4 cxd4 4. Nxd4 Nf6 5. Nc3 d6 6. Bg5 e6 7. Qd2 a6 8.
O-O-O h6 9. Nxc6 bxc6 10. Bf4 d5 11. Qe3 Be7 12. Be2 Qa5 13. Qg3 g6 14. Bd6
Bxd6 15. Qxd6 Bb7 16. Qe5 Ke7 17. Rhe1 Rhd8 18. Bf3 Rd7 19. h4 Rad8 20. exd5
cxd5 21. Rd4 Qc7 22. Qe3 Ng8 23. Bg4 Kf8 24. f4 h5 25. Bh3 Kg7 26. g4 hxg4 27.
Bxg4 Nf6 28. Bf3 Rh8 29. Rh1 Nh5 30. Bd1 Bc6 31. Ne2 Bb5 32. Ng3 Nxg3 33. Qxg3
Qc5 34. c3 Rc7 35. Kb1 Qe7 36. h5 Rc4 37. Rxc4 Bxc4 38. Rg1 Rh6 39. Bc2 Qf6 40.
hxg6 fxg6 41. Qe3 Bb5 42. a4 Be8 43. f5 Bf7 44. fxg6 Bxg6 45. Qxh6+ Kxh6 46.
Rxg6+ Qxg6 47. Bxg6 Kxg6 48. b4 Kf7 49. b5 axb5 50. a5 1-0

[Event "DVM u20 2005"]
[Site "Berlin"]
[Date "2005.12.30"]
[Round "7.3"]
[White "Lozovoy, Sergej"]
[Black "Lowitz, Torsten"]
[Result "0-1"]
[WhiteElo "1976"]
[BlackElo "2117"]
[PlyCount "72"]
[EventDate "2000.??.??"]

1. Nf3 c5 2. c4 Nc6 3. g3 g6 4. Bg2 Bg7 5. O-O d6 6. Nc3 e5 7. d3 Nge7 8. Bd2
O-O 9. Rb1 Rb8 10. a3 a5 11. Nb5 d5 12. cxd5 Nxd5 13. Qc1 b6 14. Bh6 Nd4 15.
Nfxd4 exd4 16. Bf4 Nxf4 17. Qxf4 Bd7 18. Nd6 Qe7 19. Ne4 f5 20. Qd6 Rbe8 21.
Qxe7 Rxe7 22. Nd6 Rxe2 23. Bf3 Re7 24. b4 f4 25. bxc5 bxc5 26. Rb7 fxg3 27.
Bd5+ Kh8 28. hxg3 Bf6 29. Ne4 Bf5 30. Rb5 Bxe4 31. Bxe4 c4 32. Rxa5 c3 33. a4
Rxe4 34. dxe4 d3 35. e5 Bg7 36. f4 d2 0-1

[Event "DVM u20 2005"]
[Site "Berlin"]
[Date "2005.12.30"]
[Round "7.4"]
[White "Kittler, Alexander"]
[Black "Butzke, Daniel"]
[Result "1/2-1/2"]
[WhiteElo "1496"]
[BlackElo "1999"]
[PlyCount "50"]
[EventDate "2000.??.??"]

1. e4 e6 2. d4 d5 3. Nd2 c5 4. exd5 exd5 5. Ngf3 Bd6 6. dxc5 Bxc5 7. Bb5+ Nc6
8. Qe2+ Nge7 9. Nb3 Bb6 10. Bf4 O-O 11. O-O a6 12. Bd3 Ng6 13. Bg3 Qf6 14. Bxg6
hxg6 15. c3 Bg4 16. Nbd2 Qd8 17. h3 Re8 18. Qd1 Bf5 19. Re1 Qd7 20. Nb3 Rad8
21. Qd2 Rxe1+ 22. Rxe1 Be6 23. Nbd4 Nxd4 24. Nxd4 Bxd4 25. Qxd4 Qc6 1/2-1/2

[Event "DVM u20 2005"]
[Site "Berlin"]
[Date "2005.12.30"]
[Round "7.5"]
[White "Titz, Johannes"]
[Black "Lingl, Xenia"]
[Result "1-0"]
[WhiteElo "1965"]
[BlackElo "1484"]
[PlyCount "75"]
[EventDate "2000.??.??"]

1. f4 e5 2. fxe5 d6 3. exd6 Bxd6 4. Nf3 Nf6 5. d4 Ng4 6. Qd3 c5 7. Qe4+ Qe7 8.
Qxe7+ Bxe7 9. c3 O-O 10. e4 Nf6 11. Bd3 b6 12. O-O Bb7 13. d5 Nbd7 14. c4 Bd6
15. Nc3 Ne5 16. Be2 h6 17. Nh4 Bc8 18. Bxh6 Be7 19. Bf4 Bd6 20. Rae1 Bd7 21.
Bg3 Rae8 22. Nf5 Bxf5 23. Rxf5 a6 24. b3 Rb8 25. Bxe5 Bxe5 26. Rxe5 Rb7 27. Rf5
Re8 28. Bd3 Rbe7 29. Na4 Nd7 30. Ref1 Ne5 31. Bc2 Rb7 32. Nb2 Rbe7 33. h3 g6
34. R5f2 Kg7 35. Nd3 Rf8 36. Nxe5 Rxe5 37. Rf6 b5 38. Rxa6 1-0

[Event "DVM u20 2005"]
[Site "Berlin"]
[Date "2005.12.30"]
[Round "7.6"]
[White "Buck, Andreas"]
[Black "Franz, Tobias"]
[Result "1/2-1/2"]
[WhiteElo "1166"]
[BlackElo "1703"]
[PlyCount "108"]
[EventDate "2000.??.??"]

1. e4 e5 2. Nf3 Nf6 3. Nxe5 d6 4. Nf3 Nxe4 5. Nc3 Nxc3 6. dxc3 Be7 7. Bf4 Nc6
8. Qd2 a5 9. O-O-O Bd7 10. Bd3 Rb8 11. h4 b5 12. h5 b4 13. Rdg1 bxc3 14. Qxc3
Bf6 15. Qe1+ Be6 16. c3 Ne5 17. Bxe5 Bxe5 18. Nxe5 Qg5+ 19. Kb1 Qxe5 20. Qxe5
dxe5 21. Re1 O-O 22. Rxe5 Ra8 23. f4 Bc8 24. Rhe1 Bb7 25. Be4 Bxe4+ 26. R1xe4
h6 27. Rc5 Ra7 28. g4 Rd8 29. Kc2 Kf8 30. g5 Rd6 31. Rec4 hxg5 32. fxg5 Rd7 33.
Ra4 Ra8 34. Raxa5 Re8 35. Re5 Red8 36. a4 c6 37. c4 Rd3 38. Rac5 Rd2+ 39. Kb3
Rb8+ 40. Kc3 Rdxb2 41. Rxc6 Ra2 42. a5 Ra3+ 43. Kd4 Ra8 44. Rcc5 Rh3 45. Rb5
Rxh5 46. a6 f6 47. gxf6 Rxe5 48. Kxe5 gxf6+ 49. Kxf6 Rxa6+ 50. Ke5 Ke7 51. Rb7+
Kd8 52. c5 Kc8 53. Rg7 Rc6 54. Kd5 Rc7 1/2-1/2